000 00324nam a22001337a 4500
008 250703b |||||||| |||| 00| 0 eng d
020 _a0333300122
050 _aHD625
_b.F76
100 _aFROST Conrad
245 _aHow To Be Your Own Boss
260 _aHong Kong
_bThe MacMillan Press
_c1979
300 _a182p.
942 _cBK
999 _c4102
_d4102